00606 2200193 4500001002100000005001500021035002000036007000300056008003900059082001000098084001700108100001400125245012400139260005800263300004100321650001100362650002500373022001400398INLIS00000000000126220250325084508 a0010-0325000024ta250325 | | |  a631.2 a631.2 BIN a0 aBin Huang1 aAnalysis of wind pressure characteristics of typical agricultural greenhouse buildings on tropical islands /cBin Huang aNetherlands, Singapore :bSpringer Nature B.V.,c2024 a1-22 hlm, :bIlus ;c21 cm x 29,7 cm 4aJurnal 4arumah kaca pertanian a2524-6992